000 01189nam a2200337 i 4500
001 30018
003 Mx-PuUPA
005 20260224154345.0
008 140415d1995 mx a gr 001 0 spa d
020 _a9686640851
040 _aMx-PuUPA
_bspa
_cMx-PuUPA
_dMx-PuUPA
_erda
041 0 _aspa
100 1 _aVega Rodríguez, Francisco Javier,
_917811
_eautor
245 1 3 _aLa bursatilización de activos financieros /
_cFrancisco Javier Vega Rodríguez, Gerardo Javier Gamboa Ortiz [y otros tres]
250 _aPrimera edición
264 1 _aMéxico, D.F. :
_bAriel,
_c1995
300 _a339 páginas :
_bilustraciones, tablas (blanco y negro) ;
_c22 cm
336 _2rdacontent
_atexto
_btxt
337 _2rdamedia
_asin medio
_bn
338 _2rdacarrier
_avolumen
_bnc
490 0 _aColección Ariel-Divulgación
650 7 _2armarc
_aFinanzas
650 7 _2armarc
_aFinanzas internacionales
650 7 _2armarc
_aCrédito
_xAdministración
650 7 _2armarc
_aIngresos fiduciarios
650 7 _2Mercado de valores
_913986
700 1 _aGamboa Ortiz, Gerardo Javier,
_eautor
942 _2ddc
_cLI
_h332.7
_iV42
999 _c30018
_d30018